000 00699nam a2200205 a 4500
001 000022798
005 20200930021813.0
008 101118s1992 mx a 000 0 spa d
020 _a0669174122
040 _aDO-SdBNP
_bspa
_cBNPHU
082 _a320.973
_bW746g
100 1 _aWilson, James Q.
_946837
245 1 3 _aEl gobierno de los Estados Unidos /
_cJames Q. Wilson ; versión en español de Juan Naves Ruíz.
260 _aMéxico, D. F. :
_bLimusa ;
_bGrupo Noriega,
_c1992.
300 _a463 p. :
_bil. ;
_c23 cm.
650 4 _aEstados unidos
_xPolítica y gobierno
_y1789-1989
_946838
650 4 _aEstados unidos
_xHistoria
_92818
700 1 _aNaves Ruíz, Juan,
_etr.
_946839
049 _aBNGR
999 _c22295
_d22295